Сокращение уровня загрязнения сельских территорий сельскохозяйственными, промышленными и твердыми бытовыми отходами (Запись № 4105787)

Подробности
000 -МАРКЕР
контрольное поле 02450nam0a2200373 i 4500
001 - ИДЕНТИФИКАТОР ЗАПИСИ
контрольное поле RU\NLR\bibl\1993678
005 - ИДЕНТИФИКАТОР ВЕРСИИ
контрольное поле 20260419041238.0
010 ## - МЕЖДУНАРОДНЫЙ СТАНДАРТНЫЙ НОМЕР КНИГИ (ISBN)
Номер (ISBN) 9785906069795
021 ## - НОМЕР ГОСУДАРСТВЕННОЙ РЕГИСТРАЦИИ
Код страны Российская Федерация
Номер 2012-102418
Номер Листа государственной регистраци 7549
035 ## - ДРУГИЕ СИСТЕМНЫЕ НОМЕРА
Идентификатор записи (NLR Aleph) 001982150
100 ## - ДАННЫЕ ОБЩЕЙ ОБРАБОТКИ
Данные общей обработки 20130130d2012 u y0rusy50 ca
101 0# - ЯЗЫК РЕСУРСА
Язык текста, звукозаписи и т.д. русский
102 ## - СТРАНА ПУБЛИКАЦИИ ИЛИ ПРОИЗВОДСТВА
Страна публикации Российская Федерация
105 ## - ПОЛЕ КОДИРОВАННЫХ ДАННЫХ: ТЕКСТОВЫЕ МАТЕРИАЛЫ, МОНОГРАФИЧЕСКИЕ
Кодированные данные о монографическом текстовом документе a |||||||||
200 1# - ЗАГЛАВИЕ И СВЕДЕНИЯ ОБ ОТВЕТСТВЕННОСТИ
Основное заглавие Сокращение уровня загрязнения сельских территорий сельскохозяйственными, промышленными и твердыми бытовыми отходами
Сведения, относящиеся к заглавию [пособие]
Первые сведения об ответственности разраб. Рос. гос. аграр. ун-т - МСХА им. К. А. Тимирязева, Tempus
Последующие сведения об ответственности [Шинделов А.В. и др.]
210 ## - ПУБЛИКАЦИЯ, РАСПРОСТРАНЕНИЕ И ДР.
Место издания, распространения и т.д. Москва
Имя издателя, распространителя и т. д. [б.и.]
Дата издания, распространения и т.д. 2012
215 ## - ФИЗИЧЕСКАЯ ХАРАКТЕРИСТИКА
Специфическое обозначение материала и объем 189, [1] с.
Другие сведения о физической характеристике ил.
Размеры 30
225 1# - СЕРИЯ
Основное заглавие серии RUDECO
Сведения, относящиеся к заглавию переподготовка кадров в сфере развития сельских территорий и экологии
-- серия обучающих пособий
Обозначение тома модуль N 9
300 ## - ОБЩИЕ ПРИМЕЧАНИЯ
Текст примечания Загл. обл.: Снижение уровня загрязнения сельских территорий сельскохозяйственными, промышленными и твердыми бытовыми отходами
320 ## - ПРИМЕЧАНИЯ О НАЛИЧИИ В ДОКУМЕНТЕ БИБЛИОГРАФИИ / УКАЗАТЕЛЯ
Текст примечания Библиогр. в конце глав
512 1# - ЗАГЛАВИЕ ОБЛОЖКИ
Заглавие обложки Снижение уровня загрязнения сельских территорий сельскохозяйственными, промышленными и твердыми бытовыми отходами
606 1# - НАИМЕНОВАНИЕ ТЕМЫ КАК ПРЕДМЕТ
Наименование темы Сельскохозяйственные ландшафты
Формальный подзаголовок Учебные издания
Тематический подзаголовок Загрязнение отходами
-- Экологическая безопасность
Системный номер авторитетной/нормативной записи 2149721
Идентификатор авторитетной/нормативной записи RU\NLR\auth\661599476
606 1# - НАИМЕНОВАНИЕ ТЕМЫ КАК ПРЕДМЕТ
Наименование темы Сельское хозяйство
Формальный подзаголовок Учебные издания
Тематический подзаголовок Малоотходные технологии
Системный номер авторитетной/нормативной записи 2149722
Идентификатор авторитетной/нормативной записи RU\NLR\auth\661599477
686 ## - ИНДЕКСЫ ДРУГИХ КЛАССИФИКАЦИЙ
Индекс П028я7
686 ## - ИНДЕКСЫ ДРУГИХ КЛАССИФИКАЦИЙ
Индекс Ж69я7
686 ## - ИНДЕКСЫ ДРУГИХ КЛАССИФИКАЦИЙ
Индекс Н931я7
702 #1 - ИМЯ ЛИЦА - ВТОРИЧНАЯ ОТВЕТСТВЕННОСТЬ
Начальный элемент ввода Шинделов
Часть имени, кроме начального элемента ввода А. В.
Расширение инициалов личного имени Андрей Викторович
Код отношения Составитель
712 02 - НАИМЕНОВАНИЕ ОРГАНИЗАЦИИ - ВТОРИЧНАЯ ОТВЕТСТВЕННОСТЬ
Код отношения Прочие
Начальный элемент ввода Новосибирский государственный аграрный университет
Системный номер авторитетной/нормативной записи 309278
Идентификатор авторитетной/нормативной записи RU\NLR\AUTH\8818035
801 #0 - ИСТОЧНИК ЗАПИСИ
Страна Российская Федерация
Организация NLR
Дата составления 20130130
Правила каталогизации RCR
801 #1 - ИСТОЧНИК ЗАПИСИ
Страна Российская Федерация
Организация NLR
Дата составления 20130130
942 ## - ДОПОЛНИТЕЛЬНЫЕ ЭЛЕМЕНТЫ ЗАПИСИ (АБИС)
Тип экземпляра АБИС Книга
980 ## - КОЛЛЕКЦИЯ
Название коллекции НБР

Нет доступных экземпляров.